| 000 | 00925cam a22002054a 4500 | ||
|---|---|---|---|
| 005 | 20250605164128.0 | ||
| 008 | 250528s ||||||||||||||||||||||||d | ||
| 035 | _a18540 | ||
| 020 | _a582236541 | ||
| 040 |
_aGR-AtMCL _bgre _dGR-AtMCL _eAACR2 |
||
| 245 | 1 | _aMaths for Computing and Information Technology / Essential Maths for Students | |
| 260 |
_bLongman Scientific and Technical, _c1995 |
||
| 300 | _a262 | ||
| 520 | _aThis book provides the fundamental mathematical and statistical techniques required for students entering Higher Education in a wide range of courses. Preface, Propositional Calculus, Sets, Predicate Calculus, Mathematical Proofs, Finite State Automata, Probability, Matrices, Co-ordinate Geometry, Calculus, Appendix: Some Basic Trigonometry, Solutions to Exercises, Index. | ||
| 700 | 1 |
_aGiannasi Frank _94810 |
|
| 700 | 1 |
_aLow Robert _94811 |
|
| 942 | _cBK | ||
| 999 |
_c3895 _d3895 |
||